| 000 | 00911nam a2200229 a 4500 | ||
|---|---|---|---|
| 001 | 22666 | ||
| 003 | CO-ViMGA | ||
| 008 | 141112s2004 ck r 000 u spa d | ||
| 040 |
_aCO-ViMGA _bspa _cCO-ViMGA |
||
| 082 | 0 | 4 | _a345.46 E537 |
| 100 | 1 |
_aEllero, Pietro _932307 |
|
| 245 | 1 | 0 | _aLa certidumbre en los juicios criminales |
| 260 |
_aBogotá : _bLeyer, _c2005 |
||
| 300 | _a180 | ||
| 505 | _aDe las disciplinas criminales en general y especialmente de la critica criminal 7 - - De los medios de certeza, em primer termino de las presunciones 24 - - De las pruebas en general y especialmente de las perfectas 32 - - De los indicios 52 | ||
| 590 | _aForma de adquisición : Compra - - Precio : 20.000 - - Proveedor : Dismet - - Fecha de adquisición : 2008 | ||
| 650 | 1 | 4 |
_aCRIMINOLOGIA _948932 |
| 650 | 1 | 4 |
_aDELITOS _93324 |
| 650 | 1 | 4 | _aDERECHO PENAL |
| 650 | 1 | 4 |
_aPRUEBA PENAL _917697 |
| 942 |
_2ddc _cBK |
||
| 999 |
_c30966 _d30966 |
||